[Event "Wellington op"]
[Site "Wellington"]
[Date "2018.03.30"]
[Round "1"]
[White "James, Jack"]
[Black "Winter, Ryan"]
[Result "1-0"]
[WhiteElo "2019"]
[BlackElo "1668"]
[PlyCount "99"]
[EventDate "2018.03.30"]
[EventType "swiss"]
[EventRounds "6"]
[EventCountry "NZL"]
[SourceTitle "EXT 2019"]
[Source "ChessBase"]
[SourceDate "2018.10.10"]
[SourceVersion "1"]
[SourceVersionDate "2018.10.10"]
[SourceQuality "1"]

1. b3 d5 2. Bb2 Nf6 3. e3 Bf5 4. f4 e6 5. Nf3 c5 6. h3 Nc6 7. Bb5 Qb6 8. Bxc6+ Qxc6 9. d3 h6 10. Nbd2 Be7 11. 0-0 Bh7 12. Ne5 Qc7 13. Qf3 0-0 14. Rae1 Rad8 15. Re2 b5 16. g4 Nd7 17. h4 Nxe5 18. Bxe5 Bd6 19. Bxd6 Qxd6 20. g5 hxg5 21. hxg5 f6 22. Rh2 Bg6 23. Qg3 Rd7 24. Nf3 Rc7 25. gxf6 Rxf6 26. Ne5 Bf5 27. Rff2 Qxe5 28. fxe5 Rg6 29. Qxg6 Bxg6 30. Rh4 b4 31. a4 a5 32. Rhf4 Rc8 33. Rh4 Rc7 34. Rfh2 c4 35. bxc4 dxc4 36. dxc4 Be8 37. Rh8+ Kf7 38. Rf2+ Ke7 39. Rg8 g6 40. Rf4 Rd7 41. Rg7+ Kd8 42. Rg8 Ke7 43. Rf6 Rd1+ 44. Kf2 Rd7 45. Ke1 Bf7 46. Ra8 Rc7 47. Rxa5 Rxc4 48. Ra7+ Ke8 49. Rfxf7 Rxc2 50. Rh7 1-0

[Event "NZL-ch op rapid"]
[Site "Palmerston North"]
[Date "2018.01.11"]
[Round "8"]
[White "Gold, Hamish R"]
[Black "James, Jack"]
[Result "0-1"]
[WhiteElo "1770"]
[BlackElo "2055"]
[PlyCount "58"]
[EventDate "2018.01.10"]
[EventType "swiss (rapid)"]
[EventRounds "9"]
[EventCountry "NZL"]
[SourceTitle "EXT 2019"]
[Source "ChessBase"]
[SourceDate "2018.10.10"]
[SourceVersion "1"]
[SourceVersionDate "2018.10.10"]
[SourceQuality "1"]

1. e4 d5 2. exd5 Nf6 3. c4 e6 4. dxe6 Bxe6 5. d4 Bb4+ 6. Nc3 Ne4 7. Qf3 Qxd4 8. Nge2 Qxc4 9. a3 Nxc3 10. bxc3 Ba5 11. Bd2 Qc6 12. Qg3 Nd7 13. Nd4 Qd5 14. Be2 Qe5 15. Bf4 Qxd4 16. 0-0 Qxc3 17. Bf3 c6 18. Bd6 Qf6 19. Rab1 h5 20. Be4 h4 21. Qe3 Bb6 22. Qe2 Rd8 23. a4 Nf8 24. a5 Rxd6 25. axb6 axb6 26. Rxb6 Qe7 27. Qb2 h3 28. Ra1 Bc8 29. Ra8 Rd1# 0-1

[Event "NZL-ch op rapid"]
[Site "Palmerston North"]
[Date "2018.01.11"]
[Round "7"]
[White "James, Jack"]
[Black "Dive, Russell John"]
[Result "0-1"]
[WhiteElo "2055"]
[BlackElo "2333"]
[PlyCount "118"]
[EventDate "2018.01.10"]
[EventType "swiss (rapid)"]
[EventRounds "9"]
[EventCountry "NZL"]
[SourceTitle "EXT 2019"]
[Source "ChessBase"]
[SourceDate "2018.10.10"]
[SourceVersion "1"]
[SourceVersionDate "2018.10.10"]
[SourceQuality "1"]

1. d4 Nf6 2. Nf3 c5 3. d5 d6 4. Nc3 g6 5. e4 Bg7 6. Bb5+ Nbd7 7. a4 0-0 8. 0-0 a6 9. Be2 b6 10. h3 Ne8 11. Re1 Nc7 12. Bf4 Rb8 13. Qc1 Re8 14. Bh6 Bh8 15. Ng5 b5 16. axb5 axb5 17. f4 b4 18. Nd1 Nb5 19. c3 bxc3 20. bxc3 c4 21. Bxc4 Qc7 22. Ra4 Nc5 23. Rb4 Bd7 24. e5 e6 25. exd6 Nxd6 26. dxe6 fxe6 27. Nf3 Nxc4 28. Rxc4 Bb5 29. Rd4 Nd3 30. Rxd3 Bxd3 31. Qe3 Qb6 32. Nf2 Qxe3 33. Rxe3 Bc4 34. Ne4 Bd5 35. Ned2 Rec8 36. Ne5 Rb2 37. Ndf3 Rb3 38. g4 Rbxc3 39. Rxc3 Rxc3 40. Kf2 Bxe5 41. Nxe5 Rxh3 42. Bg5 Kg7 43. Be7 h5 44. gxh5 gxh5 45. Bg5 Rh2+ 46. Kg3 Rh1 47. Be7 Be4 48. Bg5 Bf5 49. Kg2 Rh3 50. Be7 h4 51. Nf3 Rg3+ 52. Kf2 Rg4 53. Bxh4 Rxf4 54. Bg3 Ra4 55. Be5+ Kg6 56. Nd4 Ra3 57. Bf4 Kh5 58. Nf3 Kg4 59. Bd6 Rxf3+ 0-1

[Event "NZL-ch op rapid"]
[Site "Palmerston North"]
[Date "2018.01.10"]
[Round "5"]
[White "James, Jack"]
[Black "Borsos, Bogdan"]
[Result "1/2-1/2"]
[WhiteElo "2055"]
[BlackElo "2193"]
[PlyCount "285"]
[EventDate "2018.01.10"]
[EventType "swiss (rapid)"]
[EventRounds "9"]
[EventCountry "NZL"]
[SourceTitle "EXT 2019"]
[Source "ChessBase"]
[SourceDate "2018.10.10"]
[SourceVersion "1"]
[SourceVersionDate "2018.10.10"]
[SourceQuality "1"]

1. d4 d5 2. Nf3 e6 3. c4 c5 4. e3 Nf6 5. Nbd2 cxd4 6. Nxd4 Nc6 7. N2f3 Nxd4 8. Qxd4 Bb4+ 9. Bd2 Bxd2+ 10. Qxd2 0-0 11. cxd5 Qxd5 12. Be2 Rd8 13. Rd1 Bd7 14. Qxd5 Nxd5 15. 0-0 Kf8 16. Rd2 Ke7 17. Bc4 Nb6 18. Bb3 a5 19. a3 Bb5 20. Rfd1 Rxd2 21. Rxd2 Rc8 22. h3 a4 23. Bd1 Rc1 24. Kh2 Nc4 25. Rd4 Nxb2 26. Rb4 Bc6 27. Rxb2 Rxd1 28. Ne5 Bd5 29. Rb4 f6 30. Nf3 Bxf3 31. gxf3 b5 32. Rxb5 Ra1 33. Rb7+ Kf8 34. Ra7 Rxa3 35. Kg2 h6 36. h4 h5 37. f4 Ra1 38. Kh2 a3 39. Kg2 Kg8 40. Ra5 g6 41. Ra7 Kf8 42. Kh2 e5 43. fxe5 fxe5 44. Ra5 a2 45. Ra7 Ke8 46. Kg2 Kd8 47. Kh2 Kc8 48. Kg2 Kb8 49. Ra3 Kb7 50. Kh2 Kb6 51. Ra8 Kc5 52. Kg2 Kc4 53. Rc8+ Kd3 54. Rd8+ Ke4 55. Ra8 Kf5 56. f3 Ke6 57. Ra5 Kd6 58. Ra6+ Kc5 59. Ra5+ Kc4 60. Ra3 Kb4 61. Ra8 Kc3 62. Ra4 Kd2 63. Ra5 Ke2 64. Ra3 Kd2 65. Ra5 Kd3 66. Ra3+ Kc4 67. Ra8 Kd5 68. Ra5+ Ke6 69. Ra6+ Kf7 70. Ra7+ Ke6 71. Ra6+ Kf7 72. Ra7+ Kf6 73. Ra6+ Kg7 74. Ra7+ Kh6 75. Ra6 Kg7 76. Ra7+ Kf6 77. Ra6+ Ke7 78. Ra7+ Kd6 79. Ra6+ Kc5 80. Ra5+ Kb4 81. Ra8 Kb3 82. Rb8+ Kc3 83. Ra8 Kd2 84. Ra3 Ke1 85. Kg1 Ke2+ 86. Kg2 Kd2 87. Ra5 Re1 88. Rxa2+ Kxe3 89. Ra3+ Kf4 90. Ra4+ e4 91. Kf2 Re3 92. fxe4 Rxe4 93. Ra6 Kf5 94. Kg3 Re3+ 95. Kg2 Re6 96. Ra5+ Kf4 97. Rg5 Ra6 98. Kh3 Rb6 99. Rg2 Kf3 100. Rb2 Rf6 101. Rg2 Re6 102. Rg3+ Kf2 103. Rg2+ Kf1 104. Kh2 Re2 105. Kh3 Re3+ 106. Kh2 Re6 107. Rg1+ Kf2 108. Rg2+ Kf3 109. Rg3+ Kf4 110. Rg2 Kf5 111. Kh3 Re3+ 112. Kh2 Rf3 113. Rg5+ Kf6 114. Rg2 Rf4 115. Kh3 Kf7 116. Rg3 Kf6 117. Rg2 Rf3+ 118. Kh2 Rf1 119. Rg5 Rf5 120. Rg2 Rf4 121. Kh3 Kf5 122. Rg5+ Kf6 123. Rg2 Rf3+ 124. Kh2 Rf1 125. Rg5 Kf7 126. Rg2 Kg7 127. Rg5 Kf6 128. Rg2 Kf7 129. Rg5 Rf6 130. Kh3 Ke7 131. Rg3 Ke6 132. Re3+ Kf5 133. Rf3+ Ke5 134. Rg3 Kf4 135. Rg1 Ke3 136. Rg5 Kf2 137. Kh2 Rf4 138. Rg2+ Kf1 139. Rg1+ Kf2 140. Rg2+ Kf3 141. Rg3+ Ke4 142. Rxg6 Rxh4+ 143. Kg3 1/2-1/2

[Event "Manawatu op rapid"]
[Site "Palmerston North"]
[Date "2018.01.06"]
[Round "4"]
[White "Punsalan, Vyanla M"]
[Black "James, Jack"]
[Result "0-1"]
[WhiteElo "1900"]
[BlackElo "2055"]
[PlyCount "66"]
[EventDate "2018.01.05"]
[EventType "swiss (rapid)"]
[EventRounds "6"]
[EventCountry "NZL"]
[SourceTitle "EXT 2019"]
[Source "ChessBase"]
[SourceDate "2018.10.10"]
[SourceVersion "1"]
[SourceVersionDate "2018.10.10"]
[SourceQuality "1"]

1. e4 e5 2. Nf3 d6 3. c3 Nf6 4. Qc2 Nbd7 5. Be2 c6 6. 0-0 h6 7. Rd1 Qc7 8. d3 Be7 9. Nbd2 Nf8 10. Nf1 Bd7 11. a4 b6 12. b3 Ng6 13. Ng3 0-0 14. Nf5 Bd8 15. d4 d5 16. exd5 e4 17. N3h4 Nxh4 18. Nxh4 Nxd5 19. g3 Bxh4 20. gxh4 f5 21. Kh1 Rae8 22. Rg1 Rf6 23. Bh5 Rd8 24. Bd2 Nf4 25. Bd1 Re8 26. Be3 Nh3 27. Be2 f4 28. Bd2 f3 29. Bxf3 Nxf2+ 30. Kg2 exf3+ 31. Kxf2 Qxh2+ 32. Kf1 Bh3+ 33. Rg2 Qxg2# 0-1

[Event "Manawatu op rapid"]
[Site "Palmerston North"]
[Date "2018.01.05"]
[Round "2"]
[White "Wang, Aaron Ziwen"]
[Black "James, Jack"]
[Result "0-1"]
[WhiteElo "1515"]
[BlackElo "2055"]
[PlyCount "94"]
[EventDate "2018.01.05"]
[EventType "swiss (rapid)"]
[EventRounds "6"]
[EventCountry "NZL"]
[SourceTitle "EXT 2019"]
[Source "ChessBase"]
[SourceDate "2018.10.10"]
[SourceVersion "1"]
[SourceVersionDate "2018.10.10"]
[SourceQuality "1"]

1. c4 e5 2. Nc3 d6 3. Nf3 c6 4. d4 Nd7 5. g3 Ngf6 6. Bg5 h6 7. Bxf6 Qxf6 8. Bg2 Qd8 9. e4 Qc7 10. d5 Be7 11. 0-0 0-0 12. Ne1 Re8 13. Nd3 a6 14. a4 a5 15. f4 Bf8 16. f5 Nc5 17. Nxc5 Qb6 18. Kh1 Qxc5 19. Qd3 Ra6 20. Nd1 Be7 21. b3 Bd7 22. Ne3 Rc8 23. Rac1 Bg5 24. Rc3 Bxe3 25. Qxe3 cxd5 26. exd5 f6 27. Qf3 Rb6 28. Rcc1 Rb4 29. Rb1 Qb6 30. Rfe1 Bxa4 31. Re3 Rbxc4 32. Rbe1 Bxb3 33. Rxb3 Qa7 34. Reb1 R8c7 35. Bf1 Rc2 36. R1b2 Rc1 37. Rb1 a4 38. Rxc1 Rxc1 39. Ra3 b5 40. Kg2 b4 41. Ra2 Qc5 42. Rxa4 Qc2+ 43. Qf2 Qxa4 44. Qf3 Rc2+ 45. Be2 Qa2 46. Kf2 b3 47. Qh5 Rxe2+ 0-1

[Event "NZL-ch op 125th"]
[Site "Palmerston North"]
[Date "2018.01.04"]
[Round "4"]
[White "Duneas, John"]
[Black "James, Jack"]
[Result "1/2-1/2"]
[WhiteElo "2035"]
[BlackElo "2064"]
[PlyCount "78"]
[EventDate "2018.01.01"]
[EventType "swiss"]
[EventRounds "9"]
[EventCountry "NZL"]
[SourceTitle "CBM 182 Extra"]
[Source "ChessBase"]
[SourceDate "2018.02.23"]
[SourceVersion "1"]
[SourceVersionDate "2018.02.23"]
[SourceQuality "1"]

1. d4 d5 2. c4 c6 3. Nc3 Nf6 4. Nf3 e6 5. Bg5 dxc4 6. e4 b5 7. e5 h6 8. Bh4 g5 9. Nxg5 hxg5 10. Bxg5 Nbd7 11. g3 Bb7 12. Bg2 Qb6 13. exf6 0-0-0 14. 0-0 c5 15. d5 b4 16. Na4 Qb5 17. b3 c3 18. Re1 Nb8 19. Qg4 Bxd5 20. Rad1 Bxg2 21. Rxd8+ Kxd8 22. Kxg2 Nd7 23. Qe4 Kc7 24. Bf4+ Bd6 25. Bxd6+ Kxd6 26. Qf4+ e5 27. Rd1+ Ke6 28. Qg4+ Kxf6 29. Rxd7 Qc6+ 30. Kg1 c2 31. Rxf7+ Kxf7 32. Qf5+ Qf6 33. Qxc2 Rd8 34. Nxc5 Rd4 35. Qh7+ Ke8 36. Qg8+ Ke7 37. Qh7+ Ke8 38. Qg8+ Ke7 39. Qh7+ Ke8 1/2-1/2

[Event "NZL-ch op 125th"]
[Site "Palmerston North"]
[Date "2018.01.03"]
[Round "3"]
[White "James, Jack"]
[Black "Ang, Alphaeus Wei Ern"]
[Result "0-1"]
[WhiteElo "2064"]
[BlackElo "2219"]
[PlyCount "48"]
[EventDate "2018.01.01"]
[EventType "swiss"]
[EventRounds "9"]
[EventCountry "NZL"]
[SourceTitle "CBM 182 Extra"]
[Source "ChessBase"]
[SourceDate "2018.02.23"]
[SourceVersion "1"]
[SourceVersionDate "2018.02.23"]
[SourceQuality "1"]

1. d4 Nf6 2. Nf3 g6 3. g3 Bg7 4. Bg2 0-0 5. 0-0 d6 6. a4 a5 7. Re1 Nc6 8. e4 e5 9. c3 exd4 10. Nxd4 Bd7 11. h3 Re8 12. Ra2 Nxd4 13. cxd4 Be6 14. Ra3 d5 15. e5 Nd7 16. f4 Nb6 17. g4 f5 18. exf6 Qxf6 19. Rd3 Bd7 20. b3 h5 21. Re5 hxg4 22. hxg4 Qh4 23. f5 gxf5 24. Rxd5 Re1+ 0-1

[Event "George Trundle Qualifiers"]
[Site "Auckland"]
[Date "2017.10.07"]
[Round "8"]
[White "James, Jack"]
[Black "Nyberg, Michael"]
[Result "0-1"]
[WhiteElo "2062"]
[BlackElo "1881"]
[PlyCount "106"]
[EventDate "2017.09.30"]
[EventType "tourn"]
[EventRounds "9"]
[EventCountry "NZL"]
[SourceTitle "CBM 181 Extra"]
[Source "ChessBase"]
[SourceDate "2017.12.12"]
[SourceVersion "1"]
[SourceVersionDate "2017.12.12"]
[SourceQuality "1"]

1. d4 d5 2. Nf3 Nf6 3. c4 e6 4. g3 c6 5. Bg2 Bd6 6. 0-0 Nbd7 7. Nbd2 0-0 8. b3 b6 9. Bb2 Bb7 10. Qc2 Qc7 11. e4 dxe4 12. Ng5 h6 13. Ngxe4 Be7 14. Rad1 Rad8 15. Rfe1 Rfe8 16. Nxf6+ Nxf6 17. Ne4 Nxe4 18. Qxe4 Bf6 19. f4 Re7 20. Ba1 Qd6 21. Qe3 Red7 22. Bf3 Qe7 23. Bc3 c5 24. dxc5 Bxc3 25. Rxd7 Rxd7 26. Qxc3 Qxc5+ 27. Kg2 Qc7 28. Qe3 Bxf3+ 29. Kxf3 Qd6 30. Kf2 Qa3 31. Qe2 Qa5 32. Rd1 Rxd1 33. Qxd1 Qxa2+ 34. Kg1 Qa5 35. Qd8+ Kh7 36. Qd7 Qa1+ 37. Kg2 Qb2+ 38. Kh3 Qxb3 39. Qxa7 Qxc4 40. Qxb6 Qf1+ 41. Kh4 Qg2 42. h3 g5+ 43. fxg5 hxg5+ 44. Kxg5 Qxg3+ 45. Kf6 Qg7+ 46. Ke7 e5 47. Qb1+ Qg6 48. Qe1 Qe6+ 49. Kf8 e4 50. h4 f5 51. Qc3 Qh6+ 52. Ke8 Qg6+ 53. Kd8 Qg8+ 0-1

[Event "Wellington Easter op"]
[Site "Wellington"]
[Date "2017.04.16"]
[Round "5"]
[White "James, Jack"]
[Black "Croad, Nicholas"]
[Result "0-1"]
[WhiteElo "2042"]
[BlackElo "2232"]
[PlyCount "106"]
[EventDate "2017.04.14"]
[EventType "swiss"]
[EventRounds "6"]
[EventCountry "NZL"]
[SourceTitle "CBM 178 Extra"]
[Source "ChessBase"]
[SourceDate "2017.06.22"]
[SourceVersion "1"]
[SourceVersionDate "2017.06.22"]
[SourceQuality "1"]

1. e4 c5 2. Nc3 Nc6 3. Bb5 Nd4 4. Nge2 a6 5. Bd3 g6 6. Nxd4 cxd4 7. Ne2 Bg7 8. f4 d6 9. 0-0 Nf6 10. Kh1 Nd7 11. b4 Qb6 12. Rb1 Nc5 13. Bb2 Nxd3 14. cxd3 0-0 15. f5 d5 16. Qe1 dxe4 17. dxe4 Bd7 18. Nf4 Qd6 19. Qh4 Bc6 20. Nd3 Qf6 21. Qf4 e5 22. Qg4 h5 23. Qe2 Qh4 24. Rbe1 Bb5 25. Rf3 Rac8 26. Qd1 Rfe8 27. Nf2 Qe7 28. a3 Qc7 29. a4 Bd7 30. f6 Bh6 31. Rg3 Kh7 32. Nd3 Qc2 33. Qa1 Qxa4 34. Nc5 Qxa1 35. Rxa1 Bc6 36. d3 Bd2 37. Ba3 a5 38. bxa5 Bxa5 39. Nb3 Bc3 40. Rb1 Ra8 41. Bb2 Ra2 42. Bc1 Rea8 43. Rf3 Re2 44. Bg5 Raa2 45. h4 Rxg2 46. Nc5 Rh2+ 47. Kg1 Rag2+ 48. Kf1 Rxg5 49. hxg5 Rh1+ 50. Kg2 Rxb1 51. Ne6 Kg8 52. Nc7 Kf8 53. Kh2 Ba5 0-1

[Event "Wellington Easter op"]
[Site "Wellington"]
[Date "2017.04.15"]
[Round "3"]
[White "James, Jack"]
[Black "Steadman, Michael VR"]
[Result "1-0"]
[WhiteElo "2042"]
[BlackElo "2237"]
[PlyCount "73"]
[EventDate "2017.04.14"]
[EventType "swiss"]
[EventRounds "6"]
[EventCountry "NZL"]
[SourceTitle "CBM 178 Extra"]
[Source "ChessBase"]
[SourceDate "2017.06.22"]
[SourceVersion "1"]
[SourceVersionDate "2017.06.22"]
[SourceQuality "1"]

1. Nf3 d5 2. d4 c6 3. e3 e6 4. Nbd2 Nf6 5. Bd3 Nbd7 6. Qe2 Be7 7. 0-0 b6 8. Ne5 Nxe5 9. dxe5 Nd7 10. f4 Nc5 11. Qg4 g6 12. Be2 a5 13. Rd1 b5 14. Nb3 Na4 15. Qh3 Qc7 16. Nd4 Bd7 17. e4 dxe4 18. b3 Nb6 19. c4 bxc4 20. bxc4 c5 21. Nb3 0-0 22. Qe3 a4 23. Nd2 f5 24. Ba3 Bc8 25. h4 Ba6 26. Rac1 Rfd8 27. h5 Kf7 28. g4 Rd4 29. Bb2 Rd7 30. hxg6+ hxg6 31. gxf5 exf5 32. e6+ Kxe6 33. Nxe4 Rxd1+ 34. Rxd1 Kf7 35. Qh3 Rf8 36. Qh7+ Ke8 37. Nf6+ 1-0

[Event "Oceania zt 3.6"]
[Site "Auckland"]
[Date "2017.01.19"]
[Round "8"]
[White "James, Jack"]
[Black "Nakauchi, Gene"]
[Result "0-1"]
[WhiteElo "2012"]
[BlackElo "2238"]
[PlyCount "112"]
[EventDate "2017.01.14"]
[EventType "swiss"]
[EventRounds "9"]
[EventCountry "NZL"]
[SourceTitle "EXT 2018"]
[Source "ChessBase"]
[SourceDate "2017.10.13"]
[SourceVersion "1"]
[SourceVersionDate "2017.10.13"]
[SourceQuality "1"]

1. e4 c5 2. Nc3 Nc6 3. f4 g6 4. Nf3 Bg7 5. Bb5 Nd4 6. 0-0 a6 7. Bd3 d6 8. Nxd4 cxd4 9. Ne2 Nh6 10. c3 e5 11. cxd4 exd4 12. Qb3 0-0 13. Bc4 Kh8 14. d3 f5 15. Bd2 Bd7 16. a4 Bc6 17. Bd5 Ng4 18. exf5 Bxd5 19. Qxd5 Rxf5 20. Qf3 Ne5 21. Qxb7 Nxd3 22. b4 Rb8 23. Qxa6 Nxb4 24. Bxb4 Rxb4 25. Ng3 Ra5 26. Qc6 Rc5 27. Qe4 d5 28. Qe6 d3 29. Rad1 Rxa4 30. f5 Ra2 31. f6 Bh6 32. Rxd3 Rcc2 33. Qh3 Rxg2+ 34. Qxg2 Rxg2+ 35. Kxg2 d4 36. Rff3 Kg8 37. Ne2 Bg5 38. f7+ Kf8 39. Nxd4 Qb6 40. Nc2 Bf6 41. Ne3 Qe6 42. Rd2 g5 43. h3 h5 44. Nd5 Be5 45. Nc3 Bf4 46. Rdf2 Qc6 47. Kf1 Bd2 48. Rd3 Qh1+ 49. Ke2 Qe1+ 50. Kf3 Bxc3 51. Kg2 Qe4+ 52. Rff3 Qe2+ 53. Kh1 Bd4 54. Rg3 Qf1+ 55. Kh2 Be5 56. Rde3 Qf2+ 0-1

[Event "NZL-ch U08/18 op"]
[Site "Palmerston North"]
[Date "2016.09.30"]
[Round "7"]
[White "James, Jack"]
[Black "Timergazi, Layla"]
[Result "0-1"]
[WhiteElo "1997"]
[BlackElo "2003"]
[PlyCount "62"]
[EventDate "2016.09.27"]
[EventType "swiss"]
[EventRounds "7"]
[EventCountry "NZL"]
[SourceTitle "EXT 2018"]
[Source "ChessBase"]
[SourceDate "2017.10.13"]
[SourceVersion "1"]
[SourceVersionDate "2017.10.13"]
[SourceQuality "1"]

1. d4 Nf6 2. c4 g6 3. Nc3 Bg7 4. e4 d6 5. f3 a5 6. Be3 Na6 7. Nge2 0-0 8. Qd2 e5 9. d5 Nd7 10. Nc1 Ndc5 11. Be2 f5 12. 0-0 fxe4 13. fxe4 Rxf1+ 14. Bxf1 Qh4 15. Qf2 Qxf2+ 16. Bxf2 Bh6 17. Nd3 Nxd3 18. Bxd3 Bd7 19. Rd1 Rf8 20. h3 Bf4 21. g3 Bh6 22. Kg2 Bxh3+ 23. Kxh3 Rxf2 24. Na4 b6 25. c5 Nxc5 26. Nxc5 bxc5 27. Re1 Rxb2 28. Re2 Rb4 29. Rc2 Rd4 30. Rc3 Bd2 31. Ra3 Bb4 0-1

[Event "Fiji op 2nd"]
[Site "Suva"]
[Date "2016.08.17"]
[Round "7"]
[White "Caldeira, John"]
[Black "James, Jack"]
[Result "0-1"]
[WhiteElo "1769"]
[BlackElo "1996"]
[PlyCount "56"]
[EventDate "2016.08.14"]
[EventType "swiss"]
[EventRounds "7"]
[EventCountry "FIJ"]
[SourceTitle "CBM 174 Extra"]
[Source "ChessBase"]
[SourceDate "2016.10.10"]
[SourceVersion "1"]
[SourceVersionDate "2016.10.10"]
[SourceQuality "1"]

1. e4 d6 2. d4 Nf6 3. Nc3 Nbd7 4. Be3 e5 5. Nf3 Be7 6. Qd2 c6 7. 0-0-0 h6 8. h3 b5 9. Bd3 Bb7 10. Rhe1 a6 11. a3 Qc7 12. dxe5 dxe5 13. Bf1 0-0-0 14. Qe2 Rhe8 15. Nd2 Nc5 16. Bxc5 Bxc5 17. f3 Nh5 18. g4 Nf4 19. Qh2 Qb6 20. Nb3 Bf2 21. Rxd8+ Rxd8 22. Rd1 Qe3+ 23. Kb1 Qxf3 24. Rxd8+ Kxd8 25. Nd2 Qe3 26. Kc1 Bg3 27. Qh1 Qe1+ 28. Nd1 Ne2+ 0-1